[Event "4NCL 2021-22"]
[Site "England"]
[Date "2022.03.27"]
[Round "6.69"]
[White "Head, Louise"]
[Black "Freeman, Gordon"]
[Result "0-1"]
[WhiteElo "2033"]
[BlackElo "2092"]
[Annotator "NA"]
[PlyCount "112"]
[EventDate "2021.11.27"]
[EventType "team-tourn"]
[EventCountry "ENG"]
[SourceTitle "playchess.com"]
[Source "ChessBase"]
[SourceQuality "1"]
[TimeControl "40/6000+30:3000+30"]

1. d4 {[%emt 0:00:03]} d5 {[%emt 0:00:08]} 2. c4 {[%emt 0:00:03]} c6 {[%emt 0:00:03]} 3. Nf3 {[%emt 0:00:07]} Nf6 {[%emt 0:00:07]} 4. Nc3 {[%emt 0:00:24]} dxc4 {[%emt 0:00:15]} 5. a4 $11 {[%emt 0:00:25]} a5 {[%emt 0:00:10]} 6. e3 {[%emt 0:08:42]} Bg4 {[%emt 0:00:25]} 7. Bxc4 {[%emt 0:00:55]} e6 {[%emt 0:00:17]} 8. O-O {[%emt 0:03:59]} Bb4 {[%emt 0:00:12]} 9. h3 {[%emt 0:05:17]} Bh5 {[%emt 0:04:50]} 10. Be2 {[%emt 0:06:22]} Nbd7 {[%emt 0:03:43]} 11. Qc2 {[%emt 0:08:26]} Qe7 {[%emt 0:09:47]} 12. Rd1 {[%emt 0:04:13]} O-O {[%emt 0:06:12]} 13. Ne5 {[%emt 0:08:20]} Bxe2 {[%emt 0:01:49]} 14. Nxe2 {[%emt 0:00:53]} Nxe5 {[%emt 0:04:20]} 15. dxe5 {[%emt 0:00:08]} Nd7 {[%emt 0:01:12]} 16. f4 {[%emt 0:00:30]} Qc5 {[%emt 0:06:21]} 17. Qe4 {[%emt 0:06:47]} Rad8 {[%emt 0:03:58]} 18. Nd4 {[%emt 0:04:22]} Qc4 {[%emt 0:04:33]} 19. b3 {[%emt 0:05:01]} Qa6 {[%emt 0:25:15]} 20. Qc2 {[%emt 0:04:11]} Nb6 {[%emt 0:03:46]} 21. Rd3 {[%emt 0:12:52]} Nd5 {[%emt 0:05:35]} 22. Bb2 {[%emt 0:07:57]} Bc5 {[%emt 0:14:32]} 23. Rd2 {[%emt 0:09:08]} Qb6 {[%emt 0:05:57]} 24. Qe4 {[%emt 0:01:59]} Bxd4 {[%emt 0:04:40]} 25. exd4 {[%emt 0:03:41]} Qxb3 {[%emt 0:00:17]} 26. Ra3 {[%emt 0:03:54]} Qb4 {[%emt 0:00:09]} 27. Rf2 {[%emt 0:01:49]} c5 {[%emt 0:01:07]} 28. Rg3 {[%emt 0:00:43]} Ne7 {[%emt 0:01:34]} 29. Ba3 {[%emt 0:00:25]} Rxd4 {[%emt 0:01:47]} 30. Bxb4 {[%emt 0:00:18]} Rxe4 {[%emt 0:00:05]} 31. Bxc5 {[%emt 0:00:15]} Re8 {[%emt 0:00:37]} 32. Ra3 {[%emt 0:01:09]} Nd5 {[%emt 0:00:27]} 33. g3 {[%emt 0:00:16]} Rc8 {[%emt 0:00:46]} 34. Bd6 {[%emt 0:00:53]} Rcc4 {[%emt 0:00:31]} 35. Rfa2 {[%emt 0:00:27]} h5 {[%emt 0:00:28]} 36. Kg2 {[%emt 0:00:34]} h4 {[%emt 0:00:28]} 37. f5 {[%emt 0:00:26]} exf5 {[%emt 0:00:25]} 38. gxh4 {[%emt 0:00:37]} Rxh4 {[%emt 0:00:18]} 39. Rb3 {[%emt 0:00:48]} Nf4+ {[%emt 0:00:53]} 40. Kh2 {[%emt 0:00:15]} b6 {[%emt 0:01:03]} 41. Be7 {[%emt 0:09:16]} Rh6 {[%emt 0:07:01]} 42. Bd8 {[%emt 0:01:09]} Re6 {[%emt 0:20:47]} 43. Bxb6 {[%emt 0:07:49]} Rxe5 {[%emt 0:02:24]} 44. Re3 {[%emt 0:14:07]} Rxe3 {[%emt 0:08:02]} 45. Bxe3 {[%emt 0:00:04]} Nd5 {[%emt 0:00:46]} 46. Bd2 {[%emt 0:00:31]} Nb4 {[%emt 0:01:15]} 47. Rb2 {[%emt 0:00:51]} Nc6 {[%emt 0:00:27]} 48. Ra2 {[%emt 0:00:49]} f6 {[%emt 0:03:30]} 49. Kg3 {[%emt 0:00:47]} Kf7 {[%emt 0:01:00]} 50. Kf2 {[%emt 0:02:01]} g5 {[%emt 0:01:31]} 51. Ra3 {[%emt 0:01:45]} Kg6 {[%emt 0:02:59]} 52. Ke2 {[%emt 0:01:22]} f4 {[%emt 0:03:24]} 53. Kd3 {[%emt 0:00:27]} Ne5+ {[%emt 0:00:56]} 54. Ke2 {[%emt 0:00:04]} Rc2 {[%emt 0:01:03]} 55. Rc3 {[%emt 0:00:35]} f3+ {[%emt 0:01:09]} 56. Ke1 {[%emt 0:01:31]} f2+ {[%emt 0:00:28]} 0-1

[Event "4NCL 2021-22"]
[Site "England"]
[Date "2022.03.27"]
[Round "6.70"]
[White "Carroll, Peter"]
[Black "Milson, Samuel A"]
[Result "1/2-1/2"]
[WhiteElo "2122"]
[BlackElo "2145"]
[Annotator "NA"]
[PlyCount "84"]
[EventDate "2021.11.27"]
[EventType "team-tourn"]
[EventCountry "ENG"]
[SourceTitle "playchess.com"]
[Source "ChessBase"]
[SourceQuality "1"]
[TimeControl "40/6000+30:3000+30"]

1. e4 {[%emt 0:00:33]} e6 {[%emt 0:00:12]} 2. d4 {[%emt 0:00:04]} d5 {[%emt 0:00:11]} 3. Nc3 {[%emt 0:00:05]} dxe4 {[%emt 0:00:20]} 4. Nxe4 {[%emt 0:00:05]} Nd7 {[%emt 0:00:16]} 5. Nf3 {[%emt 0:00:06]} Ngf6 {[%emt 0:00:14]} 6. Bd3 {[%emt 0:00:08]} Be7 {[%emt 0:01:22]} 7. O-O {[%emt 0:00:07]} O-O {[%emt 0:01:54]} 8. c3 {[%emt 0:02:59]} c5 {[%emt 0:13:45]} 9. Re1 {[%emt 0:01:32]} cxd4 {[%emt 0:04:48]} 10. cxd4 {[%emt 0:03:24]} Nb6 {[%emt 0:03:41]} 11. Ne5 {[%emt 0:03:16]} Nbd5 {[%emt 0:04:57]} 12. a3 {[%emt 0:04:06]} Qb6 {[%emt 0:04:52]} 13. g4 {[%emt 0:07:20]} Nxe4 {[%emt 0:34:51]} 14. Bxe4 {[%emt 0:09:00]} f6 {[%emt 0:01:44]} 15. g5 {[%emt 0:05:39]} f5 {[%emt 0:03:25]} 16. Bg2 {[%emt 0:03:42]} Rd8 {[%emt 0:03:17]} 17. Qh5 {[%emt 0:04:58]} g6 {[%emt 0:11:26]} 18. Nxg6 {[%emt 0:03:37]} hxg6 {[%emt 0:00:18]} 19. Qxg6+ {[%emt 0:00:07]} Kf8 {[%emt 0:00:25]} 20. Qh7 {[%emt 0:03:29]} Qc7 {[%emt 0:09:22]} 21. g6 {[%emt 0:06:17]} Bf6 {[%emt 0:00:24]} 22. Bh6+ {[%emt 0:00:16]} Ke8 {[%emt 0:00:40]} 23. Qg8+ {[%emt 0:02:59]} Ke7 {[%emt 0:00:48]} 24. Qf7+ {[%emt 0:00:12]} Kd6 {[%emt 0:00:15]} 25. Bxd5 {[%emt 0:02:19]} Qxf7 {[%emt 0:00:27]} 26. gxf7 {[%emt 0:00:02]} Kxd5 {[%emt 0:00:29]} 27. f8=Q {[%emt 0:00:08]} Rxf8 {[%emt 0:00:05]} 28. Bxf8 {[%emt 0:00:06]} Bd7 {[%emt 0:00:30]} 29. Bh6 {[%emt 0:03:12]} Rg8+ {[%emt 0:01:20]} 30. Kh1 {[%emt 0:00:33]} Bc6 {[%emt 0:00:34]} 31. f3 {[%emt 0:01:15]} Bxd4 {[%emt 0:01:09]} 32. Rad1 {[%emt 0:03:45]} Kc5 {[%emt 0:02:04]} 33. Rd3 {[%emt 0:00:35]} e5 {[%emt 0:00:38]} 34. Rc1+ {[%emt 0:00:53]} Kd6 {[%emt 0:00:43]} 35. h4 {[%emt 0:00:53]} Rg3 {[%emt 0:01:58]} 36. Kh2 {[%emt 0:00:26]} Rg6 {[%emt 0:01:18]} 37. Bg5 {[%emt 0:00:19]} Ke6 {[%emt 0:00:11]} 38. Rc2 {[%emt 0:00:43]} Bb6 {[%emt 0:00:51]} 39. Rcd2 {[%emt 0:03:03]} Bc7 {[%emt 0:00:17]} 40. f4 {[%emt 0:00:15]} exf4 {[%emt 0:01:26]} 41. Kg1 {[%emt 0:55:19]} Bb6+ {[%emt 0:52:47]} 42. Kh2 {[%emt 0:00:08]} Bc7 {[%emt 0:00:06]} 1/2-1/2

[Event "4NCL 2021-22"]
[Site "England"]
[Date "2022.03.27"]
[Round "6.71"]
[White "Lentzos, Ioanis"]
[Black "Casey, Eoghan"]
[Result "1-0"]
[WhiteElo "2104"]
[BlackElo "1902"]
[Annotator "NA"]
[PlyCount "63"]
[EventDate "2021.11.27"]
[EventType "team-tourn"]
[EventCountry "ENG"]
[SourceTitle "playchess.com"]
[Source "ChessBase"]
[SourceQuality "1"]
[TimeControl "40/6000+30:3000+30"]

1. d4 {[%emt 0:00:07]} g6 {[%emt 0:02:18]} 2. c4 {[%emt 0:00:17]} Bg7 {[%emt 0:00:05]} 3. e4 {[%emt 0:00:11]} Nf6 {[%emt 0:01:41]} 4. Nc3 {[%emt 0:00:12]} O-O {[%emt 0:00:07]} 5. Nf3 {[%emt 0:00:20]} d6 {[%emt 0:00:36]} 6. Be2 {[%emt 0:00:20]} e5 {[%emt 0:00:18]} 7. Be3 {[%emt 0:00:48]} Nc6 {[%emt 0:02:54]} 8. d5 {[%emt 0:00:20]} Ne7 {[%emt 0:00:10]} 9. Nd2 {[%emt 0:00:08]} Ne8 {[%emt 0:01:12]} 10. c5 {[%emt 0:03:49]} f5 {[%emt 0:07:04]} 11. f3 {[%emt 0:00:16]} fxe4 {[%emt 0:01:20]} 12. fxe4 {[%emt 0:04:47]} c6 {[%emt 0:11:07]} 13. Nc4 {[%emt 0:16:15]} cxd5 {[%emt 0:10:46]} 14. Nxd5 {[%emt 0:01:06]} Nc6 {[%emt 0:25:46]} 15. h4 {[%emt 0:20:06]} Nd4 {[%emt 0:05:02]} 16. Bg5 {[%emt 0:10:01]} Qd7 {[%emt 0:03:24]} 17. Nxd6 {[%emt 0:06:24]} Nxd6 {[%emt 0:03:43]} 18. cxd6 {[%emt 0:00:06]} Qxd6 {[%emt 0:10:02]} 19. Be7 {[%emt 0:01:30]} Qd7 {[%emt 0:06:53]} 20. Bxf8 {[%emt 0:00:19]} Kxf8 {[%emt 0:00:28]} 21. O-O+ {[%emt 0:02:19]} Kg8 {[%emt 0:00:16]} 22. Rc1 {[%emt 0:00:39]} Qd8 {[%emt 0:03:13]} 23. Bg4 {[%emt 0:02:58]} Be6 {[%emt 0:10:32]} 24. Bxe6+ {[%emt 0:02:08]} Nxe6 {[%emt 0:00:25]} 25. Qg4 {[%emt 0:01:51]} Qd6 {[%emt 0:01:42]} 26. h5 {[%emt 0:06:57]} g5 {[%emt 0:01:47]} 27. h6 {[%emt 0:01:29]} Bf8 {[%emt 0:00:36]} 28. Qf5 {[%emt 0:02:13]} Bxh6 {[%emt 0:00:24]} 29. Qf7+ {[%emt 0:00:24]} Kh8 {[%emt 0:00:03]} 30. Rf6 {[%emt 0:00:30]} Rf8 {[%emt 0:01:02]} 31. Qxe6 {[%emt 0:00:20]} Qxe6 {[%emt 0:00:31]} 32. Rxe6 {[%emt 0:00:10]} 1-0

[Event "4NCL 2021-22"]
[Site "England"]
[Date "2022.03.27"]
[Round "6.72"]
[White "Crowley, James"]
[Black "Dunn, Maxim"]
[Result "1-0"]
[WhiteElo "1475"]
[BlackElo "1742"]
[Annotator "NA"]
[PlyCount "87"]
[EventDate "2021.11.27"]
[EventType "team-tourn"]
[EventCountry "ENG"]
[SourceTitle "playchess.com"]
[Source "ChessBase"]
[SourceQuality "1"]
[TimeControl "40/6000+30:3000+30"]

1. e4 {[%emt 0:00:03]} c5 {[%emt 0:00:05]} 2. Nf3 {[%emt 0:00:06]} d6 {[%emt 0:00:04]} 3. d4 {[%emt 0:00:06]} cxd4 {[%emt 0:00:03]} 4. Nxd4 {[%emt 0:00:04]} Nf6 {[%emt 0:00:07]} 5. Nc3 {[%emt 0:00:04]} a6 {[%emt 0:00:04]} 6. Be3 {[%emt 0:00:08]} e5 {[%emt 0:00:06]} 7. Nb3 {[%emt 0:00:05]} Be7 {[%emt 0:00:04]} 8. f3 {[%emt 0:00:09]} Be6 {[%emt 0:00:04]} 9. Qd2 {[%emt 0:00:05]} h5 {[%emt 0:00:06]} 10. Be2 {[%emt 0:10:51]} Nbd7 {[%emt 0:00:19]} 11. O-O {[%emt 0:00:57]} Rc8 {[%emt 0:02:58]} 12. Kh1 {[%emt 0:14:31]} O-O {[%emt 0:04:40]} 13. f4 {[%emt 0:03:22]} exf4 {[%emt 0:01:42]} 14. Bxf4 {[%emt 0:01:10]} Ne5 {[%emt 0:00:51]} 15. Rad1 {[%emt 0:05:32]} Qc7 {[%emt 0:10:43]} 16. Nd4 {[%emt 0:04:29]} Nc4 {[%emt 0:05:34]} 17. Nxe6 {[%emt 0:09:23]} fxe6 {[%emt 0:09:52]} 18. Bxc4 {[%emt 0:02:02]} Qxc4 {[%emt 0:00:06]} 19. Qd3 {[%emt 0:12:21]} Rfd8 {[%emt 0:20:50]} 20. Bg5 {[%emt 0:16:13]} b5 {[%emt 0:04:11]} 21. Qh3 {[%emt 0:18:19]} Rf8 {[%emt 0:22:57]} 22. Rf3 {[%emt 0:03:28]} b4 {[%emt 0:03:23]} 23. b3 {[%emt 0:00:28]} Qc5 {[%emt 0:03:31]} 24. Qxe6+ {[%emt 0:00:14]} Kh7 {[%emt 0:06:05]} 25. Bxf6 {[%emt 0:03:13]} Bxf6 {[%emt 0:06:07]} 26. Rd5 {[%emt 0:04:47]} Rce8 {[%emt 0:00:37]} 27. Qh3 {[%emt 0:07:19]} Qc8 {[%emt 0:06:51]} 28. Rxh5+ {[%emt 0:00:00]} Kg8 {[%emt 0:00:01]} 29. Rh8+ {[%emt 0:00:00]} Kf7 {[%emt 0:00:02]} 30. Qh5+ {[%emt 0:00:00]} Ke7 {[%emt 0:00:25]} 31. Nd5+ {[%emt 0:00:00]} Kd8 {[%emt 0:00:23]} 32. Rxf8 {[%emt 0:00:00]} Rxf8 {[%emt 0:00:09]} 33. Nxf6 {[%emt 0:00:00]} Qxc2 {[%emt 0:00:43]} 34. Qa5+ {[%emt 0:00:00]} Ke7 {[%emt 0:02:22]} 35. Nd5+ {[%emt 0:00:00]} Ke6 {[%emt 0:00:15]} 36. h4 {[%emt 0:00:00]} Rxf3 {[%emt 0:00:29]} 37. gxf3 {[%emt 0:00:00]} Qd1+ {[%emt 0:00:19]} 38. Kg2 {[%emt 0:00:00]} Qe2+ {[%emt 0:00:08]} 39. Kg3 {[%emt 0:00:00]} Qe1+ {[%emt 0:00:17]} 40. Kg4 {[%emt 0:00:09]} Qg1+ {[%emt 0:01:37]} 41. Kh5 {[%emt 0:50:03]} g6+ {[%emt 0:50:53]} 42. Kh6 {[%emt 0:00:02]} Qc1+ {[%emt 0:00:00]} 43. Kh7 {[%emt 0:00:00]} g5 {[%emt 0:00:00]} 44. Qd8 {[%emt 0:00:00]} 1-0

[Event "4NCL 2021-22"]
[Site "England"]
[Date "2022.03.27"]
[Round "6.73"]
[White "Turner, Max N"]
[Black "Zakarian, David"]
[Result "1-0"]
[WhiteElo "2223"]
[BlackElo "2316"]
[Annotator "NA"]
[PlyCount "75"]
[EventDate "2021.11.27"]
[EventType "team-tourn"]
[EventCountry "ENG"]
[SourceTitle "playchess.com"]
[Source "ChessBase"]
[SourceQuality "1"]
[TimeControl "40/6000+30:3000+30"]

1. d4 {[%emt 0:00:05]} Nf6 {[%emt 0:00:08]} 2. c4 {[%emt 0:00:20]} e6 {[%emt 0:00:33]} 3. Nc3 {[%emt 0:00:24]} Bb4 {[%emt 0:00:07]} 4. e3 {[%emt 0:00:31]} O-O {[%emt 0:00:09]} 5. Bd3 {[%emt 0:00:29]} d5 {[%emt 0:00:40]} 6. Nge2 {[%emt 0:00:42]} dxc4 {[%emt 0:01:30]} 7. Bxc4 {[%emt 0:00:16]} a6 {[%emt 0:00:03]} 8. O-O {[%emt 0:02:34]} Nbd7 {[%emt 0:06:07]} 9. Bb3 {[%emt 0:13:09]} Qe7 {[%emt 0:02:42]} 10. Ng3 {[%emt 0:07:59]} b6 {[%emt 0:05:20]} 11. e4 {[%emt 0:09:03]} Rd8 {[%emt 0:03:47]} 12. a3 {[%emt 0:04:56]} Bxc3 {[%emt 0:00:20]} 13. bxc3 {[%emt 0:00:09]} Bb7 {[%emt 0:01:19]} 14. Qe2 {[%emt 0:04:02]} c5 {[%emt 0:03:34]} 15. Rd1 {[%emt 0:07:33]} Nf8 {[%emt 0:01:05]} 16. f3 {[%emt 0:05:27]} cxd4 {[%emt 0:03:13]} 17. cxd4 {[%emt 0:00:13]} Rac8 {[%emt 0:00:13]} 18. Bb2 {[%emt 0:00:59]} b5 {[%emt 0:07:59]} 19. Rd2 {[%emt 0:06:53]} Ng6 {[%emt 0:01:09]} 20. Rad1 {[%emt 0:01:42]} h5 {[%emt 0:03:08]} 21. d5 {[%emt 0:05:54]} exd5 {[%emt 0:09:06]} 22. e5 {[%emt 0:08:18]} Ne8 {[%emt 0:12:36]} 23. Qe3 {[%emt 0:12:14]} h4 {[%emt 0:00:00]} 24. Nf5 {[%emt 0:00:45]} Qe6 {[%emt 0:03:02]} 25. Qg5 {[%emt 0:01:35]} Nc7 {[%emt 0:01:41]} 26. f4 {[%emt 0:02:56]} Qd7 {[%emt 0:04:05]} 27. Nxg7 {[%emt 0:01:40]} Qe7 {[%emt 0:01:20]} 28. Qh6 {[%emt 0:06:49]} Qc5+ {[%emt 0:05:33]} 29. Rf2 {[%emt 0:01:48]} Qf8 {[%emt 0:08:26]} 30. e6 {[%emt 0:00:26]} f6 {[%emt 0:00:06]} 31. Bxf6 {[%emt 0:02:58]} Ne8 {[%emt 0:05:00]} 32. Bxd8 {[%emt 0:01:37]} Qxg7 {[%emt 0:00:47]} 33. Qxg7+ {[%emt 0:00:25]} Nxg7 {[%emt 0:00:35]} 34. Bf6 {[%emt 0:00:55]} Nf5 {[%emt 0:00:51]} 35. Rc2 {[%emt 0:01:15]} Re8 {[%emt 0:04:31]} 36. Rc7 {[%emt 0:00:30]} Rxe6 {[%emt 0:00:27]} 37. Bg5 {[%emt 0:00:31]} Re3 {[%emt 0:00:22]} 38. Bc2 {[%emt 0:00:26]} 1-0

[Event "4NCL 2021-22"]
[Site "England"]
[Date "2022.03.27"]
[Round "6.74"]
[White "Powierski, Emil"]
[Black "Taylor, Adam A"]
[Result "1-0"]
[WhiteElo "2318"]
[BlackElo "2277"]
[Annotator "NA"]
[PlyCount "99"]
[EventDate "2021.11.27"]
[EventType "team-tourn"]
[EventCountry "ENG"]
[SourceTitle "playchess.com"]
[Source "ChessBase"]
[SourceQuality "1"]
[TimeControl "40/6000+30:3000+30"]

1. e4 {[%emt 0:00:03]} c5 {[%emt 0:15:37]} 2. c3 {[%emt 0:00:20]} Nf6 {[%emt 0:05:26]} 3. e5 {[%emt 0:00:07]} Nd5 {[%emt 0:00:05]} 4. Nf3 {[%emt 0:00:04]} Nc6 {[%emt 0:17:11]} 5. Bc4 {[%emt 0:00:07]} e6 {[%emt 0:01:31]} 6. O-O {[%emt 0:00:26]} Be7 {[%emt 0:00:26]} 7. d4 {[%emt 0:00:26]} Nb6 {[%emt 0:09:00]} 8. Bb3 {[%emt 0:01:22]} d6 {[%emt 0:02:13]} 9. dxc5 {[%emt 0:03:29]} dxc5 {[%emt 0:00:52]} 10. Qe2 {[%emt 0:00:19]} Bd7 {[%emt 0:05:13]} 11. a4 {[%emt 0:08:55]} Na5 {[%emt 0:02:55]} 12. Bc2 {[%emt 0:00:15]} Qc7 {[%emt 0:00:06]} 13. Nbd2 {[%emt 0:14:07]} Bc6 {[%emt 0:05:29]} 14. b3 {[%emt 0:08:01]} Rc8 {[%emt 0:08:58]} 15. c4 {[%emt 0:12:02]} Nd7 {[%emt 0:07:37]} 16. Bb2 {[%emt 0:12:57]} h6 {[%emt 0:13:16]} 17. Ne4 {[%emt 0:00:00]} O-O {[%emt 0:05:41]} 18. Nd6 {[%emt 0:16:06]} Bxd6 {[%emt 0:07:04]} 19. Qd3 {[%emt 0:00:34]} f5 {[%emt 0:00:01]} 20. exd6 {[%emt 0:00:46]} Qb6 {[%emt 0:00:05]} 21. Ne5 {[%emt 0:09:17]} Nxe5 {[%emt 0:01:10]} 22. Bxe5 {[%emt 0:00:02]} Be4 {[%emt 0:00:42]} 23. Qg3 {[%emt 0:04:09]} Rf7 {[%emt 0:00:03]} 24. Bxe4 {[%emt 0:04:25]} fxe4 {[%emt 0:00:04]} 25. Qg4 {[%emt 0:00:08]} Re8 {[%emt 0:01:29]} 26. Rae1 {[%emt 0:04:50]} Qxb3 {[%emt 0:00:40]} 27. Re3 {[%emt 0:00:22]} Qxc4 {[%emt 0:00:24]} 28. Rg3 {[%emt 0:00:06]} e3 {[%emt 0:00:02]} 29. Qxg7+ {[%emt 0:07:46]} Rxg7 {[%emt 0:00:04]} 30. Rxg7+ {[%emt 0:00:05]} Kf8 {[%emt 0:00:40]} 31. fxe3+ {[%emt 0:00:20]} Qxf1+ {[%emt 0:00:03]} 32. Kxf1 {[%emt 0:00:03]} Nc6 {[%emt 0:01:36]} 33. Bf6 {[%emt 0:00:27]} e5 {[%emt 0:00:41]} 34. Rxb7 {[%emt 0:02:37]} Re6 {[%emt 0:00:18]} 35. Bg7+ {[%emt 0:00:42]} Ke8 {[%emt 0:00:08]} 36. d7+ {[%emt 0:01:26]} Kd8 {[%emt 0:00:45]} 37. Ke1 {[%emt 0:01:09]} Rd6 {[%emt 0:00:37]} 38. Bf8 {[%emt 0:00:16]} Rd5 {[%emt 0:00:47]} 39. Bxh6 {[%emt 0:00:33]} e4 {[%emt 0:00:02]} 40. h4 {[%emt 0:00:44]} Rxd7 {[%emt 0:00:17]} 41. Bg5+ {[%emt 0:09:11]} Ke8 {[%emt 0:00:07]} 42. Rxd7 {[%emt 0:01:32]} Kxd7 {[%emt 0:00:01]} 43. Bf4 {[%emt 0:01:11]} Ke6 {[%emt 0:00:21]} 44. g4 {[%emt 0:00:44]} Ne7 {[%emt 0:02:24]} 45. h5 {[%emt 0:04:48]} Nd5 {[%emt 0:00:32]} 46. Kd2 {[%emt 0:02:10]} Nb6 {[%emt 0:10:51]} 47. g5 {[%emt 0:02:59]} Kf7 {[%emt 0:00:06]} 48. Kc2 {[%emt 0:08:54]} Kg7 {[%emt 0:07:23]} 49. a5 {[%emt 0:04:04]} Nd5 {[%emt 0:00:24]} 50. Kb3 {[%emt 0:00:19]} 1-0

[Event "4NCL 2021-22"]
[Site "England"]
[Date "2022.03.27"]
[Round "6.75"]
[White "Coathup, Roger H"]
[Black "Cole, James"]
[Result "1/2-1/2"]
[WhiteElo "2154"]
[BlackElo "2040"]
[Annotator "NA"]
[PlyCount "109"]
[EventDate "2021.11.27"]
[EventType "team-tourn"]
[EventCountry "ENG"]
[SourceTitle "playchess.com"]
[Source "ChessBase"]
[SourceQuality "1"]
[TimeControl "40/6000+30:3000+30"]

1. Nf3 {[%emt 0:00:03]} c5 {[%emt 0:00:07]} 2. c4 {[%emt 0:00:21]} Nf6 {[%emt 0:00:10]} 3. Nc3 {[%emt 0:00:16]} d5 {[%emt 0:01:16]} 4. cxd5 {[%emt 0:01:13]} Nxd5 {[%emt 0:00:53]} 5. e3 {[%emt 0:02:08]} g6 {[%emt 0:01:39]} 6. Qb3 {[%emt 0:07:46]} Nb6 {[%emt 0:05:13]} 7. Bb5+ {[%emt 0:05:03]} Bd7 {[%emt 0:05:00]} 8. Ne5 {[%emt 0:01:30]} e6 {[%emt 0:01:27]} 9. Nxd7 {[%emt 0:07:39]} N8xd7 {[%emt 0:04:38]} 10. Ne4 {[%emt 0:01:59]} Be7 {[%emt 0:08:24]} 11. d4 {[%emt 0:16:01]} O-O {[%emt 0:10:03]} 12. O-O {[%emt 0:00:28]} Qc7 {[%emt 0:05:56]} 13. dxc5 {[%emt 0:06:25]} Nxc5 {[%emt 0:00:26]} 14. Nxc5 {[%emt 0:01:11]} Qxc5 {[%emt 0:00:15]} 15. Bd2 {[%emt 0:03:17]} Qd5 {[%emt 0:03:58]} 16. Qxd5 {[%emt 0:05:03]} Nxd5 {[%emt 0:00:06]} 17. Rac1 {[%emt 0:02:14]} a6 {[%emt 0:04:29]} 18. Be2 {[%emt 0:02:46]} Rac8 {[%emt 0:09:13]} 19. Bf3 {[%emt 0:03:29]} Bf6 {[%emt 0:02:22]} 20. b3 {[%emt 0:01:57]} Bb2 {[%emt 0:03:52]} 21. Rcd1 {[%emt 0:07:00]} Rfd8 {[%emt 0:06:17]} 22. Ba5 {[%emt 0:05:18]} b6 {[%emt 0:01:35]} 23. Bxd5 {[%emt 0:01:07]} bxa5 {[%emt 0:00:06]} 24. Bc4 {[%emt 0:05:50]} Kg7 {[%emt 0:10:17]} 25. h4 {[%emt 0:06:26]} h5 {[%emt 0:02:14]} 26. Bxa6 {[%emt 0:02:09]} Rxd1 {[%emt 0:02:30]} 27. Rxd1 {[%emt 0:00:06]} Rc1 {[%emt 0:00:57]} 28. Rxc1 {[%emt 0:00:04]} Bxc1 {[%emt 0:00:06]} 29. Kf1 {[%emt 0:00:12]} f5 {[%emt 0:03:29]} 30. Ke2 {[%emt 0:00:29]} e5 {[%emt 0:00:19]} 31. f3 {[%emt 0:00:30]} Ba3 {[%emt 0:04:17]} 32. Kd3 {[%emt 0:01:19]} Kf6 {[%emt 0:02:07]} 33. Kc4 {[%emt 0:00:24]} Ke6 {[%emt 0:06:19]} 34. Bb7 {[%emt 0:00:35]} f4 {[%emt 0:01:32]} 35. Bd5+ {[%emt 0:04:06]} Kd6 {[%emt 0:02:22]} 36. exf4 {[%emt 0:00:28]} exf4 {[%emt 0:00:04]} 37. Bf7 {[%emt 0:00:09]} Kc6 {[%emt 0:00:42]} 38. Bxg6 {[%emt 0:01:08]} Be7 {[%emt 0:00:17]} 39. Bxh5 {[%emt 0:00:18]} Bxh4 {[%emt 0:00:09]} 40. a3 {[%emt 0:00:56]} Kb6 {[%emt 0:02:03]} 41. Bg6 {[%emt 0:51:04]} Be7 {[%emt 0:51:37]} 42. b4 {[%emt 0:00:09]} axb4 {[%emt 0:00:11]} 43. axb4 {[%emt 0:00:03]} Bd6 {[%emt 0:01:10]} 44. Be4 {[%emt 0:00:22]} Bb8 {[%emt 0:00:51]} 45. Bd3 {[%emt 0:00:55]} Bc7 {[%emt 0:00:00]} 46. Kd5 {[%emt 0:00:00]} Bb8 {[%emt 0:00:00]} 47. Ke6 {[%emt 0:00:00]} Bc7 {[%emt 0:00:00]} 48. Kf5 {[%emt 0:00:00]} Bb8 {[%emt 0:00:00]} 49. Bf1 {[%emt 0:00:00]} Bc7 {[%emt 0:00:00]} 50. Kg4 {[%emt 0:00:00]} Bd6 {[%emt 0:00:00]} 51. b5 {[%emt 0:00:00]} Bc7 {[%emt 0:00:00]} 52. g3 {[%emt 0:00:00]} fxg3 {[%emt 0:00:00]} 53. f4 {[%emt 0:00:00]} g2 {[%emt 0:00:00]} 54. Bxg2 {[%emt 0:00:00]} Kxb5 {[%emt 0:00:00]} 55. f5 {[%emt 0:00:00]} 1/2-1/2

[Event "4NCL 2021-22"]
[Site "England"]
[Date "2022.03.27"]
[Round "6.76"]
[White "Stephens, Graeme"]
[Black "Oswald, Graeme"]
[Result "0-1"]
[WhiteElo "2000"]
[BlackElo "2141"]
[Annotator "ChessBase"]
[PlyCount "82"]
[EventDate "2021.11.27"]
[EventType "team-tourn"]
[EventCountry "ENG"]
[SourceTitle "playchess.com"]
[Source "ChessBase"]
[SourceQuality "1"]
[TimeControl "40/6000+30:3000+30"]

1. d4 {[%emt 0:00:31]} Nf6 {[%emt 0:00:30]} 2. c4 {[%emt 0:00:30]} e6 {[%emt 0:00:30]} 3. Nc3 {[%emt 0:00:30]} Bb4 {[%emt 0:00:30]} 4. Qc2 {[%emt 0:00:17]} c5 {[%emt 0:01:15]} 5. e3 {[%emt 0:00:51]} b6 {[%emt 0:01:09]} 6. Nf3 {[%emt 0:01:39]} Bb7 {[%emt 0:00:14]} 7. Bd3 {[%emt 0:05:14]} O-O {[%emt 0:00:12]} 8. Bd2 {[%emt 0:00:30]} Re8 {[%emt 0:02:27]} 9. Ne4 {[%emt 0:17:55]} Bxe4 {[%emt 0:01:43]} 10. Bxe4 {[%emt 0:01:03]} Nxe4 {[%emt 0:00:02]} 11. Qxe4 {[%emt 0:00:23]} d5 {[%emt 0:00:20]} 12. cxd5 {[%emt 0:07:45]} exd5 {[%emt 0:00:11]} 13. Qc2 {[%emt 0:02:03]} Nc6 {[%emt 0:02:14]} 14. dxc5 {[%emt 0:03:41]} bxc5 {[%emt 0:00:05]} 15. O-O {[%emt 0:01:11]} Rc8 {[%emt 0:04:59]} 16. Rfd1 {[%emt 0:05:11]} Qf6 {[%emt 0:18:14]} 17. a3 {[%emt 0:13:58]} Bxd2 {[%emt 0:00:26]} 18. Qxd2 {[%emt 0:05:04]} Red8 {[%emt 0:00:18]} 19. Rac1 {[%emt 0:00:25]} Ne5 {[%emt 0:00:15]} 20. Nxe5 {[%emt 0:02:22]} Qxe5 {[%emt 0:00:02]} 21. Qc3 {[%emt 0:01:13]} f6 {[%emt 0:03:35]} 22. Qa5 {[%emt 0:04:27]} Qc7 {[%emt 0:00:11]} 23. Qxc7 {[%emt 0:02:34]} Rxc7 {[%emt 0:00:01]} 24. Rd2 {[%emt 0:00:35]} Kf7 {[%emt 0:00:16]} 25. Kf1 {[%emt 0:03:02]} Ke6 {[%emt 0:00:14]} 26. Rdc2 {[%emt 0:02:24]} Rdc8 {[%emt 0:00:23]} 27. Ke2 {[%emt 0:00:51]} a5 {[%emt 0:00:16]} 28. a4 {[%emt 0:04:30]} Kd6 {[%emt 0:05:13]} 29. b3 {[%emt 0:01:25]} Rb8 {[%emt 0:02:04]} 30. Rc3 {[%emt 0:00:12]} Rb4 {[%emt 0:00:09]} 31. Kd3 {[%emt 0:01:36]} g5 {[%emt 0:02:21]} 32. g3 {[%emt 0:01:06]} f5 {[%emt 0:00:26]} 33. h3 {[%emt 0:04:30]} h5 {[%emt 0:05:11]} 34. R1c2 {[%emt 0:03:44]} h4 {[%emt 0:02:10]} 35. Rc1 {[%emt 0:01:44]} Rxb3 {[%emt 0:00:39]} 36. Rxb3 {[%emt 0:04:33]} c4+ {[%emt 0:00:01]} 37. Kd2 {[%emt 0:00:12]} cxb3 {[%emt 0:00:06]} 38. Rxc7 {[%emt 0:00:17]} Kxc7 {[%emt 0:00:04]} 39. gxh4 {[%emt 0:02:29]} gxh4 {[%emt 0:00:02]} 40. Kc3 {[%emt 0:00:23]} Kd6 {[%emt 0:00:04]} 41. f4 {[%emt 0:50:35]} Kc5 {[%emt 0:50:13]} 0-1